| 000 | 00425cam a2200181ua 4500 | ||
|---|---|---|---|
| 020 | _c3.00 | ||
| 041 |
_ahin _h |
||
| 082 |
_a891.54 _bSUD/SU |
||
| 100 | _aSudharsan, . | ||
| 245 |
_aSuprabhat / _cSudharsan. _hTextual Documents |
||
| 250 |
_a5 / _b. |
||
| 260 |
_a : _bVara and company publishers Pvt. Ltd. , _c1961. |
||
| 300 | _a199 ; . | ||
| 365 | _a3.00 | ||
| 504 | _a | ||
| 942 | _cBK | ||
| 999 |
_c6476 _d6476 |
||